| 000 | 00707nam a2200217 a 4500 | ||
|---|---|---|---|
| 001 | 1913 | ||
| 003 | CDMR | ||
| 005 | 20140724173321.0 | ||
| 008 | 130130s2006||||||||||||||||||||||||||||d | ||
| 020 | _a8487641253 | ||
| 040 |
_aCDMR _bcat _cCPC LLEIDA |
||
| 100 | 1 |
_aOlmos, Víctor _91101 |
|
| 245 | 1 | 3 |
_aLa casa de los periodistas _b: Asociación de la Prensa de Madrid (1895-1950) _cVíctor Olmos |
| 260 |
_aMadrid _c2006 _bAsociación de la Prensa de Madrid |
||
| 300 | _a706 p. | ||
| 490 | _aColección APM | ||
| 610 | 2 |
_987 _aAsociación de la Prensa de Madrid _xHistòria |
|
| 650 | 0 | 4 |
_91617 _aPremsa _zMadrid |
| 650 | 0 | 4 |
_9216 _aAssociacions de professionals i tècnics _zMadrid _y1895-1950 |
| 942 |
_cMON _2udc |
||
| 999 |
_c1913 _d1913 |
||